Execuȯ̂ no Processo do Trabalho 9® ediȯ̂

Detalles Bibliográficos
Autor principal: Schiavi, Mauro
Formato: eBook
Lenguaje:portugués
Publicado: Sô Paulo: LTR, 2017
Materias:
Acceso en línea:Acceso restringido

MARC

LEADER 00000nam a22000007a 4500
005 20171204172559.0
007 cr|||| ||||
008 171204s2017 bl |||||s|||| 00||0 por d
020 |a 978-85-361-9239-0 
035 |a 20940 
040 |a vLex 
090 |c 7251  |d 7251 
100 1 |a Schiavi, Mauro 
245 1 0 |a Execuȯ̂ no Processo do Trabalho 9® ediȯ̂  |h [Recurso electrn̤ico] /  |c Mauro Schiavi 
256 |a Servicio en ln̕ea 
260 |a Sô Paulo:  |b LTR,  |c 2017 
300 |a 1 recurso electrn̤ico 
506 1 |a Disponible solo en los productos indicados  |d vLex Global  |d vLex Global (Academic Edition, excluding Law Schools)  |d vLex Global (U.S. Academic Edition, Law Schools)  |d vLex Global (U.S. Academic Edition, excluding Law Schools)  |d vLex Global (Academic Edition, Law Schools) 
650 0 4 |a Procedimiento Laboral  |z Brasil 
740 0 |a vLex Libros (Servicio en ln̕ea) 
856 4 0 |u http://vlex.com/source/execu-o-processo-trabalho-20940  |z Acceso restringido 
942 |c BOOK 
999 0 |a Labor courts